000 01886nam a2200517 i 4500
001 39171
003 KOSZ 005
005 20230112092156.0
008 990609s1998 pl |100 0 pol
015 _aUWD 1999/10142
020 _a8390781360
035 _a991010738109705066
035 _a(PL-WaBN)b12924404-48omnis_nlop
035 _ab12924404
035 _a(OCoLC)830249316
035 _axx001142032
035 _a(PL)b0000001292440
035 _a(EXLNZ-48OMNIS_NETWORK)9910156236405606
040 _aWA N
_cWA N
_dKOSZ 005/HR
041 0 _apol
046 _k1998
080 _a339.923
080 _a061.1(4-67)"1945/..."
080 _a327.39(4)"1945/..."
245 0 0 _aPolska wobec reformy UE :
_bseminarium "Polska wobec reformy instytucjonalnej Unii Europejskiej", Kraków 24 stycznia 1998 /
_cpraca pod red. Stanisława Miklaszewskiego.
246 3 0 _aPolska wobec reformy instytucjonalnej Unii Europejskiej
260 _aKraków :
_bF"MCRD",
_c1998.
300 _a106, [6] s. ;
_c21 cm.
336 _aTekst
_btxt
_2rdacontent
337 _aBez urządzenia pośredniczącego
_bn
_2rdamedia
338 _aWolumin
_bnc
_2rdacarrier
380 _aKsiążki
388 _a1901-2000
388 _a1989-2000
490 1 _aZeszyty / Fundacja "Międzynarodowe Centrum Rozwoju Demokracji" ;
_vz. 26
504 _aBibliogr. s. 27.
610 2 7 _aUnia Europejska (UE)
_2DBN
650 7 _aInstytucje europejskie
655 7 _aMateriały konferencyjne
_2DBN
658 _aPolityka, politologia, administracja publiczna
700 1 _aMiklaszewski, Stanisław
_d(1947-2011)
_eRedakcja
830 0 _aZeszyty Fundacji "Międzynarodowe Centrum Rozwoju Demokracji"
_vz. 26
856 _uhttp://koha.tu.koszalin.pl/cgi-bin/koha/opac-detail.pl?biblionumber=39171
_yKatalog online BPK
942 _2UKD
_cKS
999 _c39171
_d39171